| 000 | 02680cam a22003494a 4500 | ||
|---|---|---|---|
| 999 |
_c531901 _d531901 |
||
| 001 | 16267451 | ||
| 003 | NUST | ||
| 005 | 20191030115114.0 | ||
| 008 | 100604s2010 njua b 001 0 eng | ||
| 010 | _a 2010023291 | ||
| 020 | _a9780470173596 (pbk.) | ||
| 038 | _aMSOHAIL | ||
| 040 |
_aDLC _cDLC _dDLC |
||
| 042 | _apcc | ||
| 050 | 0 | 0 |
_aTH4815.5 _b.R48 2010 |
| 082 | 0 | 0 |
_a690.80218 _222 |
| 245 | 0 | 0 |
_aResidential building codes illustrated : _ba guide to understanding the 2009 International residential code / _cSteven R. Winkel ... [et al.]. |
| 260 |
_aHoboken, N.J. : _bWiley, _cc2010. |
||
| 300 |
_ax, 341 p. : _bill. ; _c28 cm. |
||
| 490 | 0 |
_aBuilding codes illustrated ; _v4 |
|
| 504 | _aIncludes bibliographical references (p. 335) and index. | ||
| 520 |
_a"An easy-to-use illustrated guide to building codes for residential structures As the construction industry moves to a single set of international building codes, architects and construction professionals need an interpretive guide to understand how the building code affects the early design of specific projects. This newest addition to Wiley's series of focused guides familiarizes code users with the 2009 International Residential Code(r) (IRC) as it applies to residential buildings. The book provides architects, engineers, and other related building professionals with an understanding of how the International Residential Code was developed, and how it is likely to be interpreted when applied to the design and construction of residential buildings. User-friendly visual format that makes finding the information you need quick and easy. The book's organization follows the 2009 International Residential Code itself. Nearly 900 illustrations, by architectural illustrator Steven Juroszek in the style of noted illustrator and author Frank Ching, visualize and explain the codes. Text written by experienced experts who have been instrumental in gaining acceptance for the new unified building code This book is an essential companion to the IRC for both emerging practitioners and experienced practitioners needing to understand the new IRC"-- _cProvided by publisher. |
||
| 650 | 0 |
_aHouse construction _vSpecifications. _925059 |
|
| 650 | 0 |
_aHouse construction _xStandards. _925060 |
|
| 650 | 0 |
_aStandards, Engineering. _925051 |
|
| 650 | 0 |
_aDwellings _vSpecifications. _925061 |
|
| 700 | 1 |
_aWinkel, Steven R. _925062 |
|
| 856 | 4 | 2 |
_3Cover image _uhttp://catalogimages.wiley.com/images/db/jimages/9780470173596.jpg |
| 906 |
_a7 _bcbc _corignew _d1 _eecip _f20 _gy-gencatlg |
||
| 942 |
_2ddc _cBK |
||